Инструментальное дело. Часть 1: Режущие инструменты для обработки металлов и приспособления для укрепления изделий на станках (Запись № 13590734)
[ простой вид ]
| 000 -МАРКЕР | |
|---|---|
| контрольное поле | 01269nam2a2200253 4500 |
| 001 - ИДЕНТИФИКАТОР ЗАПИСИ | |
| контрольное поле | rc\2899643 |
| 005 - ИДЕНТИФИКАТОР ВЕРСИИ | |
| контрольное поле | 20260315053621.0 |
| 035 ## - ДРУГИЕ СИСТЕМНЫЕ НОМЕРА | |
| Идентификатор записи | (NLR Aleph) 007051036 |
| 100 ## - ДАННЫЕ ОБЩЕЙ ОБРАБОТКИ | |
| Данные общей обработки | 20110729d1929 u y0rusy50 ca |
| 101 1# - ЯЗЫК РЕСУРСА | |
| Язык текста, звукозаписи и т.д. | русский |
| Язык оригинала | шведский |
| 102 ## - СТРАНА ПУБЛИКАЦИИ ИЛИ ПРОИЗВОДСТВА | |
| Страна публикации | Российская Федерация |
| 105 ## - ПОЛЕ КОДИРОВАННЫХ ДАННЫХ: ТЕКСТОВЫЕ МАТЕРИАЛЫ, МОНОГРАФИЧЕСКИЕ | |
| Кодированные данные о монографическом текстовом документе | a z ||||| |
| 200 1# - ЗАГЛАВИЕ И СВЕДЕНИЯ ОБ ОТВЕТСТВЕННОСТИ | |
| Основное заглавие | Режущие инструменты для обработки металлов и приспособления для укрепления изделий на станках |
| Сведения, относящиеся к заглавию | 283 черт. в тексте |
| Первые сведения об ответственности | Перев. с шведск. инж.-мех. Н.С. Ачеркана |
| Последующие сведения об ответственности | Под ред. проф. И.М. Холмогорова |
| 210 ## - ПУБЛИКАЦИЯ, РАСПРОСТРАНЕНИЕ И ДР. | |
| Дата издания, распространения и т.д. | 1929 |
| 215 ## - ФИЗИЧЕСКАЯ ХАРАКТЕРИСТИКА | |
| Специфическое обозначение материала и объем | 189 с., [3] с. объявл. |
| Другие сведения о физической характеристике | ил., черт. |
| 461 #0 - УРОВЕНЬ НАБОРА | |
| Встроенное поле | 001rc\2899642 |
| -- | 2001#$aИнструментальное дело$fУ. Халльстрем$vЧасть 1 |
| -- | 700#1$aХалльстрем$bУ. |
| Системный номер (АБИС) связанной записи | 6191043 |
| Автор | Халльстрем, У. |
| Место публикации | Ленинград |
| Дата публикации | 1929 |
| Издание | 2-е изд. |
| Первые сведения об ответственности | У. Халльстрем |
| Имя издателя, распространителя и т.д. | Книга |
| Заглавие | Инструментальное дело |
| Номер тома | Часть 1 |
| 702 #1 - ИМЯ ЛИЦА - ВТОРИЧНАЯ ОТВЕТСТВЕННОСТЬ | |
| Начальный элемент ввода | Ачеркан |
| Часть имени, кроме начального элемента ввода | Н.С. |
| Код отношения | Переводчик |
| 702 #1 - ИМЯ ЛИЦА - ВТОРИЧНАЯ ОТВЕТСТВЕННОСТЬ | |
| Начальный элемент ввода | Холмогоров |
| Часть имени, кроме начального элемента ввода | И.М. |
| Код отношения | Редактор |
| 801 #0 - ИСТОЧНИК ЗАПИСИ | |
| Страна | Российская Федерация |
| Организация | NLR |
| Правила каталогизации | psbo |
| 801 #1 - ИСТОЧНИК ЗАПИСИ | |
| Страна | Российская Федерация |
| Организация | ELAR |
| Источник данных | rusmarc |
| 852 ## - МЕСТОНАХОЖДЕНИЕ И ШИФР ХРАНЕНИЯ | |
| Идентификатор организации | NLR |
| Шифр хранения (Call Number) | 73/289 |
| 942 ## - ДОПОЛНИТЕЛЬНЫЕ ЭЛЕМЕНТЫ ЗАПИСИ (АБИС) | |
| Тип экземпляра АБИС | Неопределено |
| 980 ## - КОЛЛЕКЦИЯ | |
| Название коллекции | Национальная библиография |
Нет доступных экземпляров.